000 00271nam a22001097a 4500
082 _a925 ALB'S
100 _aSCHILPP, PAUL ARTHUR
_957588
245 _aALBERT EINSTEIN PHILOSIPHICAL SCIENTIST
260 _aNEWYORK
_bHARPER & BROTHER
_c1959
300 _a781P
942 _cBK
999 _c567860
_d567860